| 000 | 00812nam a2200313Ia 4500 | ||
|---|---|---|---|
| 001 | AUWbook000049 | ||
| 003 | BDCtgAUW | ||
| 005 | 20260406154803.0 | ||
| 008 | 220908s9999 xx 000 0 eng d | ||
| 020 | _a0679774386 | ||
| 040 |
_aBDCtgAUW _cBDCtgAUW |
||
| 050 | _aPG3476.P27D63 | ||
| 100 | 1 | _aPasternak, Boris. | |
| 245 | 0 | _aDoctor zhivago. | |
| 260 |
_aNew York : _bPantheon Books, _c1991. |
||
| 650 | 0 |
_a1917 _x1921. _978661 |
|
| 650 | 0 | _aDidactic fiction. | |
| 650 | 0 | _aEpic literature. | |
| 650 | 0 | _aHistorical fiction. | |
| 650 | 0 | _aLove stories. | |
| 650 | 0 | _aPolitical fiction. | |
| 650 | 0 |
_aSoviet Union _xHistory _xRevolution. _978662 |
|
| 651 | 0 | _aRussian literature. | |
| 655 | 7 |
_aFiction. _2lcgft _973569 |
|
| 887 |
_a BRAC _22982 |
||
| 888 | _22982 | ||
| 942 |
_cBK _00 |
||
| 945 | _cBK | ||
| 999 |
_c16382 _d16382 |
||